=LDR 00000nam 2200000 4500 =001 INLIS000000000024110 =005 20130612122721 =008 ***********************************Ind** =035 ##$$0010-061300000024110 =041 ##$$a Ind =082 ##$$a 028.5 =090 ##$$a 028.5, Nad m =100 ##$$a Nadiah, Wilson =245 ##$$a Menyusuri jejak kaki pejuang, Wilson Nadiah =260 ##$$a 21 cm $b (S.N) =650 ##$$a Bacaan kanak-kanak =850 ##$$a NBPNMAT